| 000 | 01038nam a2200301 4500 | ||
|---|---|---|---|
| 001 | |||
| 003 | DO-SdBNP | ||
| 005 | 20220628111237.0 | ||
| 008 | 040820s2004 sp | ||| ||spa | ||
| 020 | _a8567015314 | ||
| 040 |
_aBPMSU _bspa _cBPMSU |
||
| 082 |
_aR463.2 _bD545e 2004 _222 |
||
| 245 | 1 | 0 |
_aDiccionario español-inglés, inglés-español. / _cdirector Antonio Merodio Cogolludo; Editora Marisa Javierre González |
| 246 | 1 | 3 | _aDiccionario de la lengua española |
| 260 |
_aBarcelona : _bEspasa Calpe, _c2004 |
||
| 300 |
_av : _bil.; _c23 cm |
||
| 490 | 0 |
_aBiblioteca el mundo _v25 |
|
| 505 | 0 | _av. 1 : Diccionario de la lengua española | |
| 534 |
_aTítulo original : _tDictionary of beliefs and religions |
||
| 590 | _6Inventariado, 2022/VM | ||
| 650 | 4 |
_aEspañol _vDiccionarios _xInglés. _2 |
|
| 650 | 4 |
_aInglés _vDiccionarios _xEspañol. |
|
| 700 | 1 |
_aMerodio Cogolludo, Antonio _edirector |
|
| 700 | 1 |
_aJavierre González, Marisa _eeditora |
|
| 710 | 2 | _aEspasa Calpe | |
| 910 | _aVMateo | ||
| 942 |
_2ddc _cBK |
||
| 999 |
_c14219 _d14219 |
||